000 00884nas a2200265 4500
001 BR2011006707
003 BR-BrBNA
005 20231205115724.0
007 ta
008 230509b bl.|||p| |||| 00| 00por d
040 _aBR-BrBNA
_bpor
_cBiblioteca Nacional de Agricultura
041 _a(Pt)
072 _aH10
100 1 _aSantos, J.P. dos
245 1 _aNível de infestação e ocorrência do ácaro-vermelho-europeu em macieira cultivares Gala e Fuji
246 1 _aLevel of infestation and occurrence of the european red mite in apple cultivars Gala and Fuji
650 _aMAÇÃ
650 _aMALUS DOMESTICA
650 _aÁCARO VERMELHO
650 _aINFESTAÇÃO
650 _a
773 0 _tAgropecuária Catarinense (Brazil)
_xISSN 0103-0779
_g(Nov 2007), v. 20(3) p. 88-90
_wBR2011006707
909 _a202311
_bLúcia
_c55
_dLúcia Elande
942 _2AGRIS
_n0
_cANA
999 _c215384
_d215384